[Event "Santpedor op 5th"]
[Site "Santpedor"]
[Date "2001.??.??"]
[Round "4"]
[White "Reyes Riva, Francisco"]
[Black "Xandri Rosell, Miquel"]
[Result "1-0"]
[WhiteElo "1860"]
[BlackElo "1740"]
[PlyCount "67"]
[EventDate "2001.09.14"]
[EventType "swiss"]
[EventRounds "7"]
[EventCountry "ESP"]
[SourceTitle "EXT 2003"]
[Source "ChessBase"]
[SourceDate "2002.11.25"]
[SourceVersion "1"]
[SourceVersionDate "2002.11.25"]
[SourceQuality "1"]

1. e4 d6 2. d4 g6 3. Be2 Bg7 4. Nf3 Nf6 5. Nc3 Bg4 6. 0-0 0-0 7. h3 Bxf3 8. Bxf3 Nbd7 9. Re1 e5 10. Bg5 c6 11. d5 h6 12. Bh4 Qb6 13. b3 Qb4 14. Na4 Ne8 15. Be7 Nc7 16. Bxf8 Rxf8 17. c3 Qa5 18. b4 Qa6 19. Be2 b5 20. Nb2 c5 21. a4 Qb7 22. axb5 cxb4 23. cxb4 Nf6 24. Qd3 Nh5 25. g3 Ne8 26. Ra6 Qd7 27. Bg4 Qb7 28. Rea1 Nef6 29. Rxa7 Qb6 30. R1a6 Qd8 31. Bxh5 Nxh5 32. b6 Qc8 33. Rc7 Qxh3 34. b7 1-0